|
|
|
|
| LEADER |
01431nam a2200313 a 4500 |
| 001 |
3260750 |
| 008 |
091230s1982 gaua b 001 0 eng d |
| 010 |
|
|
|a \\\81012926
|
| 020 |
|
|
|a 0820305847
|
| 020 |
|
|
|a 0820305960 (pbk.)
|
| 040 |
|
|
|a DLC
|c DLC
|d DLC
|d BD-DhAAL
|
| 082 |
0 |
0 |
|a 307.7/2/0975
|2 19
|
| 245 |
0 |
0 |
|a Holding on to the land and the Lord :
|b kinship, ritual, land tenure, and social policy in the rural South /
|c Robert L. Hall and Carol B. Stack, editors.
|
| 260 |
|
|
|a Athens :
|b University of Georgia Press,
|c c1982.
|
| 300 |
|
|
|a viii, 164 p. :
|b ill. ;
|c 23 cm.
|
| 490 |
0 |
|
|a Southern Anthropological Society proceedings ;
|v no. 15
|
| 500 |
|
|
|a Essays originally presented at the 15th annual meeting of the Southern Anthropological Society, held in Louisville, Ky., March 21, 1980.
|
| 504 |
|
|
|a Includes bibliographies and index.
|
| 541 |
1 |
|
|e 00003470
|
| 651 |
|
0 |
|a Southern States
|x Rural conditions.
|
| 650 |
|
0 |
|a Kinship
|z Southern States.
|
| 650 |
|
0 |
|a Christianity
|z Southern States.
|
| 650 |
|
0 |
|a Land tenure
|z Southern States.
|
| 700 |
1 |
|
|a Hall, Robert L.
|
| 700 |
1 |
|
|a Stack, Carol B.
|
| 710 |
2 |
|
|a Southern Anthropological Society.
|
| 852 |
4 |
|
|a Ayesha Abed Library
|j General shelf
|
| 999 |
|
|
|c 6536
|d 6536
|
| 952 |
|
|
|0 0
|1 0
|2 ddc
|4 0
|6 307_720975000000000_HOL_1982
|7 0
|9 6640
|a BRACUL
|b BRACUL
|c GEN
|d 2009-12-30
|g 0.00
|l 0
|o 307.720975 HOL
|p 3010003470
|r 2009-12-30
|t 1
|w 2009-12-30
|y BK
|x No price found in the accession register.
|